| 000 | 00750cam a22002653a 4500 | ||
|---|---|---|---|
| 001 | 30826 | ||
| 003 | PGUSA | ||
| 005 | 20140828083651.0 | ||
| 008 | 100101s2010||||xxu|||||s|||||000 1 eng d | ||
| 040 |
_aPGUSA _beng |
||
| 042 | _adc | ||
| 050 | 4 | _aPS | |
| 100 | 1 |
_aWhite, Stewart Edward, _d1873-1946 |
|
| 245 | 1 | 0 |
_aGold _h[electronic resource] / _cStewart Edward White |
| 260 |
_bProject Gutenberg, _c2010 |
||
| 506 | _aPublic domain in the USA. | ||
| 516 | _aElectronic text | ||
| 653 | _aCalifornia -- Fiction | ||
| 653 | _aGold mines and mining -- Fiction | ||
| 653 | _aWestern stories | ||
| 700 | 1 |
_aFogarty, Thomas, _d1873-1938 |
|
| 830 | 0 |
_aProject Gutenberg _v30826 |
|
| 856 | 4 | 0 | _uhttp://www.gutenberg.org/ebooks/30826 |
| 942 | _cEB | ||
| 999 |
_c260081 _d260081 |
||